000
00228nam a2200109Ia 4500
100
_a
#N/A
942
_c
BK
654
_a
mslive communication server 2003
245
_a
Linux kernel 6.0
260
_b
#N/A
_c
2004
546
_a
ENGLISH
999
_c
31842
_d
31842